000 00611cam a22002173a 4500
001 39682
003 PGUSA
005 20140828083900.0
008 120512s2012||||xxu|||||s|||||000 | eng d
040 _aPGUSA
_beng
042 _adc
100 1 _aBangs, John Kendrick,
_d1862-1922
245 1 4 _aThe Idiot at Home
_h[electronic resource] /
_cJohn Kendrick Bangs
260 _bProject Gutenberg,
_c2012
506 _aPublic domain in the USA.
516 _aElectronic text
700 1 _aRichards, F. T.
830 0 _aProject Gutenberg
_v39682
856 4 0 _uhttp://www.gutenberg.org/ebooks/39682
942 _cEB
999 _c268935
_d268935